000
00210 a2200097 4500
100
_a
A M I
245
_a
Tareeqa alhadeeda
260
_a
_b
Darul Ashaat
_c
090
_c
32220
_d
32220
942
_a
NUST-CAE
_c
M
_c
24693
999
_c
416606
_d
416606